Tous les médaillés français aux jeux olympiques de 2024 par images - Statistiques

Statistiques générales
  • Ce quiz a été pris 134 fois
    95 depuis la dernière actualisation
  • Le résultat moyen est 42 sur 64
Statistiques - réponses
Par images Hint Réponse % Correct
Natation, 400m 4 nages hommes Or Léon Marchand
100%
Natation, 200m papillon hommes Or Léon Marchand
100%
Natation, 200m brasse hommes Or Léon Marchand
100%
Natation, 200m 4 nages hommes Or Léon Marchand
100%
Natation, Relais 4x100m quatre nages Bronze Léon Marchand, Florent Manaudou, Rafael Fente--Damers, Maxime Grousset, Yohann Ndoye-Brouard, Clémnt Secchi
100%
Judo, épreuve par équipe mixte Or Teddy Riner, Joan Benjamin Gaba, Luka Mkheidze, Clarisse Agbegnenou, Shirine Boukli, Amandine Buchard, Sarah Léonie Cysique, Romane Dicko, Maxime Gael Ngayap Hambou, Aurélien Diesse, Alpha Oumar Djalo, Marie Eve Gahie, Walide Khyar, Madeleine Malonga
100%
Judo, +100kg hommes Or Teddy Riner
99%
Tennis de Table, Simple hommes Bronze Félix Lebrun
96%
Tennis de Table, Par équipes hommes Bronze Félix Lebrun, Alexis Lebrun, Simon Gauzy
96%
Natation, 50m nage libre Hommes Bronze Florent Manaudou
96%
Rugby à 7 hommes Or Varian Pasquet, Andy Timo, Rayan Rebbadj, Théo Forner, Stephen Parez Edo Martin, Paulin Riva, Jefferson Lee Joseph, Antoine Zeghdar, Aaron Grandidier Nkanang, Jean Pascal Barraque, Antoine Dupont, Jordan Sepho, Nelson Epee
94%
Cyclisme VTT, Cross-country femmes Or Pauline Ferrand Prévot
89%
Triathlon Femmes Or Cassandre Beaugrand
88%
Judo, -73kg hommes Argent Joan-Benjamin Gaba
88%
Judo, -63kg femmes Bronze Clarisse Agbegnenou
85%
Football, Hommes Argent Maghnes Akliouche, Loic Bade, Rayan Cherki, Joris Chotard, Andy Diouf, Desire Doue, Arnaud Kalimuendo, Manu Kone, Alexandre Lacazette, Johann Lepenant, Bradley Locko, Castello Lukeba, Soungoutou Magassa, Jean Philippe Mateta, Chrislain Matsima, Enzo Millot, Obed Nkambadio, Michael Olise, Guillaume Restes, Kiliann Sildillia, Arien Truffert
82%
Escrime, Sabre individuel femmes Or Manon Apithy Brunet
81%
Judo, +78kg femmes Bronze Romane Dicko
81%
Basketball, Hommes Argent Andrew Albicy, Nicolas Batum, Isaia Cordinier, Bilal Coulibaly, Evan Fournier, Rudy Gobert, Mathias Lessort, Frank Ntilikina, Matthew Strazel, Victor Wembanyama, Guerschon Yabusele, Nando De Colo
79%
Volleyball, Hommes Or Antoine Brizard, Barthelemy Chinenyeze, Trevor Clevenot, Theo Faure, Jenia Grebennikov, Quentin Jouffroy, Yacine Louati, Earvin Ngapeth, Jean Patry, Kevin Tillie, Benjamin Toniutti, Nicolas Le Goff
78%
Judo, -48kg femmes Bronze Shirine Boukli
75%
Escrime, Sabre par équipes hommes Bronze Bolade Apithy, Jean-Philippe Patrice, Sébastien Patrice, Maxime Pianfetti
72%
Escrime, Sabre individuel femmes Argent Sara Balzer
72%
Judo, -52kg femmes Bronze Amandine Buchard
71%
Judo, -57kg femmes Bronze Sarah Léonie Cysique
71%
Cyclisme sur Piste, Omnium hommes Or Benjamin Thomas
69%
Surf, Hommes Or Kauli Vaast
69%
Triathlon Hommes Bronze Léo Bergere
69%
Cyclisme BMX, Hommes Or Joris Daudet
67%
Cyclisme sur route, Course en ligne hommes Argent Valentin Madouas
67%
Basketball, Femmes Argent Valeriane Ayayi, Mariem Badiane, Romane Bernies, Alexia Chery, Marine Fauthoux, Marine Johannes, Leila Lacan, Dominique Malonga, Sarah Michel Boury, Iliana Rupert, Janelle Salaun, Gabby Williams
67%
Cyclisme BMX Freestyle, Park hommes Bronze Anthony Jeanjean
65%
Judo, -60kg hommes Argent Luka Mkheidze
64%
Cyclisme sur route, Course en ligne hommes Bronze Christophe Laporte
63%
Fleuret par équipes hommes Bronze Maximilien Chastanet, Enzo Lefort, Julien Mertine, Maxime Pauty
63%
Canoë kayak slalom, canoë monoplace hommes Or Nicolas Gestin
61%
Escrime, Epée par équipes femmes Argent Auriane Mallo Breton, Marie Florence Candassamy, Alexandra Louis Marie, Coraline Vitalis
60%
Escrime, Epée individuelle hommes Argent Yannick Borel
60%
Escrime, épée individuelle femmes Argent Auriane Mallo-Breton
58%
Taekwondo, +67kg femmes Or Althéa Laurin
57%
Handball, Femmes Argent Sarah Bouktit, Cleopatre Darleux Mingam, Laura Flippes, Pauletta Foppa, Laura Glauser, Lena Grandveau, Lucie Granier, Tamara Horacek, Orlane Kanor, Coralie Lassource, Meline Nocandy, Estelle Nze Minko, Onacia Ondono, Hatadou Sako, Alicia Toublanc, Chloe Valentini, Grace Zaadi Deuna
57%
Canoë kayak slalom, Kayak monoplace hommes Titouan Castryck
57%
Athlétisme, 100m haies femmes Argent Cyrena Samba-Mayela
56%
Tir à l arc, Épreuve individuelle - femmes Bronze Lisa Barbelin
56%
Natation, 1 500m nage libre femmes Argent Anastasiia Kirpichnikova
54%
Tir à l arc, Épreuve par équipes - hommes Argent Baptiste Addis, Thomas Chirault, Jean Charles Valladont
54%
Cyclisme VTT, Cross-country hommes Argent Victor Koretzky
54%
Cyclisme BMX, Hommes Bronze Romain Mahieu
53%
Breaking, B-Boys Argent Dany Dann
51%
Boxe, -63,5kg hommes Argent Sofiane Oumiha
51%
Pentathlon Moderne, Epreuve individuelle femmes Argent Elodie Clouvel
49%
Voile, Skiff femmes Bronze Sarah Steyaert, Charline Picon
47%
Canoë kayak slalom, Kayak cross femmes Argent Angèle Hug
44%
Judo, -90kg hommes Bronze Maxime Gael Ngayap Hambou
44%
Taekwondo, -58kg hommes Bronze Cyrian Ravet
39%
Cyclisme BMX, Hommes Argent Sylvain André
39%
Surf, Femmes Bronze Johanne Defay
38%
Boxe, -51kg hommes Argent Billal Bennama
32%
Basketball 3x3, Hommes Argent Lucas Dussoulier, Jules Rambaut, Franck Seguela, Timothé Vergiat
32%
Équitation, Concours complet par équipes Argent Nicolas Touzaint, Karim Florent Laghouag, Stephane Landois
32%
Boxe, +92kg hommes Bronze Djamili-Dini Aboudou Moindze
31%
Voile, Kitesurf femmes Argent Lauriane Nolot
29%
Tir, 25m pistolet femmes Argent Camille Jedrzejewski
26%
Equitation, saut d'obstacles par équipes Bronze Simon Delestre, Julien Epaillard, Olivier Perreau
17%
Aucun quiz correspondant
Distribution des résultats
% des personnes avec chaque résultat
Percentile par nombre de réponses
Votre historique - résultats
Vous n’avez pas pris ce quiz depuis la dernière actualisation